000 00860nam a22002651u 4500
001 04650
003 HDC
007 cr bn ---
008 210117p my go d 00 engg
040 _aHDC
110 _aSerunai Commerce Sdn Bhd
245 0 _aJohor Halal Logistics 1.0
260 _a[No Place] :
_b[publisher not identified],
_c[no year]
300 _a94 pages :
_billustrations
336 _atext
_2rdacontent
337 _acomputer
_2rdamedia
338 _aonline resource
_2rdacarrier
650 _aHalal food industry
_9128
650 _aHalal logistics
_9143
650 _aHalal standards
_92716
856 _zRequest full-text at [email protected]
942 _2lcc
942 _cSLIDE
942 _kSLID 000298
999 _c1975
_d1975